[Event "CFriend AT-2005-0-00421 email"]
[Site "Chessfriend.com"]
[Date "2005.12.14"]
[Round "1"]
[White "Schallert, Jens"]
[Black "Berthold, Andreas"]
[Result "1/2-1/2"]
[WhiteElo "1972"]
[BlackElo "2115"]
[PlyCount "35"]
[EventDate "2005.??.??"]
[EventType "tourn (corr)"]
[EventRounds "2"]
[SourceTitle "Corr 2024"]
[Source "ChessBase"]
[SourceDate "2023.10.19"]
[SourceVersion "1"]
[SourceVersionDate "2023.10.19"]
[SourceQuality "1"]

1. e4 e5 2. Nf3 Nf6 3. d4 Nxe4 4. Bd3 d5 5. Nxe5 Nd7 6. Qe2 Nxe5 7. Bxe4 dxe4 8. Qxe4 Be6 9. Qxe5 Qd7 10. Be3 Bd6 11. Qa5 b6 12. Qd2 Qb5 13. b3 Qh5 14. c4 0-0 15. Nc3 Rfe8 16. Ne4 Bf8 17. Ng3 Qg6 18. 0-0 1/2-1/2

[Event "CFriend AP-2005-Q-00014 email"]
[Site "Chessfriend.com"]
[Date "2005.07.11"]
[Round "1"]
[White "Ambalavanan, Avudainayagam"]
[Black "Schallert, Jens"]
[Result "0-1"]
[WhiteElo "1491"]
[BlackElo "1972"]
[PlyCount "44"]
[EventDate "2005.??.??"]
[EventType "tourn (corr)"]
[EventRounds "12"]
[SourceTitle "Corr 2024"]
[Source "ChessBase"]
[SourceDate "2023.10.19"]
[SourceVersion "1"]
[SourceVersionDate "2023.10.19"]
[SourceQuality "1"]

1. e4 c5 2. d4 cxd4 3. c3 dxc3 4. Nxc3 Nc6 5. Nf3 e6 6. Bc4 a6 7. 0-0 Nge7 8. Qe2 Ng6 9. Rd1 b5 10. Bb3 Be7 11. Bf4 Nxf4 12. Qd2 Qc7 13. e5 Ng6 14. Rac1 Ngxe5 15. Nxe5 Qxe5 16. Re1 Qd4 17. Qe2 Bb7 18. Rcd1 Qf4 19. Qd3 Rd8 20. a3 Ne5 21. Qe2 Bc5 22. Kh1 Ng4 0-1

[Event "CFriend AP-2005-Q-00014 email"]
[Site "Chessfriend.com"]
[Date "2005.07.11"]
[Round "1"]
[White "Luethi, Hansjuerg"]
[Black "Schallert, Jens"]
[Result "0-1"]
[WhiteElo "2031"]
[BlackElo "1972"]
[PlyCount "42"]
[EventDate "2005.??.??"]
[EventType "tourn (corr)"]
[EventRounds "12"]
[SourceTitle "Corr 2024"]
[Source "ChessBase"]
[SourceDate "2023.10.19"]
[SourceVersion "1"]
[SourceVersionDate "2023.10.19"]
[SourceQuality "1"]

1. e4 c5 2. Nf3 Nc6 3. Bb5 d6 4. 0-0 Bd7 5. Re1 Nf6 6. c3 a6 7. Bf1 Bg4 8. h3 Bxf3 9. Qxf3 g6 10. d3 Bg7 11. Bg5 h6 12. Be3 0-0 13. Nd2 b5 14. d4 cxd4 15. cxd4 Nd7 16. Nb3 Na5 17. Nxa5 Qxa5 18. a3 Rac8 19. b4 Qb6 20. Red1 Rc3 21. Be2 Rb3 0-1

[Event "CFriend AP-2005-Q-00014 email"]
[Site "Chessfriend.com"]
[Date "2005.07.11"]
[Round "1"]
[White "Mebrek, Mohamed Akli"]
[Black "Schallert, Jens"]
[Result "0-1"]
[WhiteElo "1850"]
[BlackElo "1972"]
[PlyCount "62"]
[EventDate "2005.??.??"]
[EventType "tourn (corr)"]
[EventRounds "12"]
[SourceTitle "Corr 2024"]
[Source "ChessBase"]
[SourceDate "2023.10.19"]
[SourceVersion "1"]
[SourceVersionDate "2023.10.19"]
[SourceQuality "1"]

1. d4 Nf6 2. c4 e6 3. Nc3 Bb4 4. Qc2 0-0 5. Bg5 c5 6. a3 Bxc3+ 7. bxc3 cxd4 8. cxd4 d5 9. Nf3 Nc6 10. Bxf6 Qxf6 11. e3 dxc4 12. Bxc4 e5 13. dxe5 Nxe5 14. Nxe5 Qxe5 15. 0-0 Bf5 16. Qb3 b6 17. Rfd1 Qf6 18. Bd5 Rac8 19. Rac1 h6 20. Bf3 Rxc1 21. Rxc1 Be6 22. Qb5 Rd8 23. Qc6 Rc8 24. Qxc8+ Bxc8 25. Rxc8+ Kh7 26. Be4+ g6 27. g3 Qe7 28. Bf3 Qxa3 29. Rc7 Qa2 30. h4 a5 31. Rd7 Qe6 0-1

[Event "CFriend AP-2005-Q-00014 email"]
[Site "Chessfriend.com"]
[Date "2005.07.11"]
[Round "1"]
[White "Schallert, Jens"]
[Black "Farkas, Lajos"]
[Result "1-0"]
[WhiteElo "1972"]
[BlackElo "2020"]
[PlyCount "101"]
[EventDate "2005.??.??"]
[EventType "tourn (corr)"]
[EventRounds "12"]
[SourceTitle "Corr 2024"]
[Source "ChessBase"]
[SourceDate "2023.10.19"]
[SourceVersion "1"]
[SourceVersionDate "2023.10.19"]
[SourceQuality "1"]

1. e4 e5 2. Nf3 Nc6 3. Bb5 a6 4. Ba4 Nf6 5. 0-0 Be7 6. Re1 b5 7. Bb3 d6 8. c3 0-0 9. h3 Na5 10. Bc2 c5 11. d4 Qc7 12. Nbd2 Nc6 13. d5 Nd8 14. a4 Rb8 15. b4 Ne8 16. axb5 axb5 17. Nf1 f5 18. exf5 Bxf5 19. Bxf5 Rxf5 20. bxc5 Qxc5 21. Be3 Qxc3 22. Qb1 Qc8 23. Ra7 Rb7 24. Rxb7 Nxb7 25. Qxb5 Nc7 26. Qc6 Nd8 27. Qc4 Nb7 28. N1d2 Rf7 29. Bb6 Bf6 30. Rc1 Bd8 31. Qc6 h6 32. Nc4 e4 33. Nd4 Bg5 34. Ne3 Bh4 35. Ndf5 Rxf5 36. Nxf5 Qxf5 37. Qxc7 Qxd5 38. Rc6 Nd8 39. Rxd6 Qf5 40. Rxd8+ Bxd8 41. Qxd8+ Kh7 42. Be3 Qf7 43. Qa8 Qc4 44. Qb7 Qa4 45. Qd5 Qe8 46. Bd4 Qg6 47. Qe5 Kh8 48. Kh2 h5 49. Qxg7+ Qxg7 50. Bxg7+ Kxg7 51. Kg3 1-0

[Event "CFriend AP-2005-Q-00014 email"]
[Site "Chessfriend.com"]
[Date "2005.07.11"]
[Round "1"]
[White "Schallert, Jens"]
[Black "Tasic, Vladimir"]
[Result "1/2-1/2"]
[WhiteElo "1972"]
[BlackElo "2195"]
[PlyCount "54"]
[EventDate "2005.??.??"]
[EventType "tourn (corr)"]
[EventRounds "12"]
[SourceTitle "Corr 2024"]
[Source "ChessBase"]
[SourceDate "2023.10.19"]
[SourceVersion "1"]
[SourceVersionDate "2023.10.19"]
[SourceQuality "1"]

1. e4 e5 2. Nf3 Nc6 3. d4 exd4 4. Nxd4 Bc5 5. Be3 Qf6 6. c3 Nge7 7. Bc4 Ne5 8. Be2 Qg6 9. 0-0 d6 10. Kh1 0-0 11. f3 d5 12. Nd2 dxe4 13. fxe4 Bg4 14. Bf4 Bxe2 15. Qxe2 Bd6 16. Nc4 Nxc4 17. Qxc4 c6 18. Rae1 Bxf4 19. Rxf4 Rae8 20. e5 Qg5 21. Rf2 Nd5 22. Nf5 Re6 23. Qf1 Rfe8 24. Nd6 Ne3 25. Rxe3 Qxe3 26. Nxe8 Rxe8 27. Rxf7 Qxe5 1/2-1/2

[Event "CFriend AP-2005-Q-00014 email"]
[Site "Chessfriend.com"]
[Date "2005.07.11"]
[Round "1"]
[White "Verhaeren, Gertjan"]
[Black "Schallert, Jens"]
[Result "0-1"]
[WhiteElo "1462"]
[BlackElo "1972"]
[PlyCount "70"]
[EventDate "2005.??.??"]
[EventType "tourn (corr)"]
[EventRounds "12"]
[SourceTitle "Corr 2024"]
[Source "ChessBase"]
[SourceDate "2023.10.19"]
[SourceVersion "1"]
[SourceVersionDate "2023.10.19"]
[SourceQuality "1"]

1. d4 Nf6 2. c4 e6 3. Nf3 b6 4. a3 Bb7 5. Nc3 d5 6. cxd5 Nxd5 7. Qc2 Nxc3 8. bxc3 Nd7 9. e4 c5 10. Bd3 Qc7 11. 0-0 cxd4 12. cxd4 Qxc2 13. Bxc2 Rc8 14. Bd3 Rc3 15. Rd1 a6 16. Bb2 Rb3 17. Rd2 b5 18. Ra2 Nf6 19. Bc2 Rxb2 20. Rxb2 Bxa3 21. Rb3 b4 22. d5 0-0 23. dxe6 fxe6 24. e5 Ne4 25. Bxe4 Bxe4 26. Rd6 a5 27. Nd4 a4 28. Re3 Bd5 29. Nxe6 Bxe6 30. Rxe6 b3 31. Rc3 Rb8 32. Rec6 b2 33. Rc8+ Rxc8 34. Rxc8+ Bf8 35. Rb8 a3 0-1

[Event "CFriend AT-2005-0-00227 email"]
[Site "Chessfriend.com"]
[Date "2005.06.28"]
[Round "1"]
[White "Berthold, Andreas"]
[Black "Schallert, Jens"]
[Result "0-1"]
[WhiteElo "2115"]
[BlackElo "1972"]
[PlyCount "156"]
[EventDate "2005.??.??"]
[EventType "tourn (corr)"]
[EventRounds "2"]
[SourceTitle "Corr 2024"]
[Source "ChessBase"]
[SourceDate "2023.10.19"]
[SourceVersion "1"]
[SourceVersionDate "2023.10.19"]
[SourceQuality "1"]

1. e4 c5 2. Nf3 Nc6 3. Nc3 a6 4. d4 cxd4 5. Nxd4 e5 6. Nf5 d5 7. Nxd5 Bxf5 8. exf5 Qd6 9. Be3 Rd8 10. c4 Nge7 11. Bc5 Qd7 12. Bxe7 Nxe7 13. Nxe7 Bxe7 14. Qxd7+ Rxd7 15. Rd1 Bb4+ 16. Ke2 Rxd1 17. Kxd1 Ke7 18. Bd3 Rd8 19. Kc2 Bc5 20. f3 Kf6 21. a3 Bd4 22. b4 b6 23. Rb1 h5 24. a4 h4 25. a5 h3 26. g4 bxa5 27. bxa5 Be3 28. Kc3 Bf4 29. c5 Rc8 30. Kc4 Bxh2 31. Be4 Bf4 32. Bb7 Rh8 33. Rh1 Bd2 34. Bxa6 Bxa5 35. Kd3 Kg5 36. Ke3 Kh4 37. f4 exf4+ 38. Kxf4 Bc7+ 39. Kf3 Ra8 40. Bc4 Ra3+ 41. Ke4 f6 42. Kd5 Kxg4 43. Kc6 Bf4 44. Rg1+ Bg3 45. Rf1 h2 46. Bd5 Re3 47. Kb5 Be5 48. c6 Rg3 49. Rh1 Rg1 50. Kb6 Kxf5 51. c7 Bxc7+ 52. Kxc7 Rxh1 53. Bxh1 Kg4 54. Kd6 f5 55. Ke5 f4 56. Ke4 Kg3 57. Kd3 Kf2 58. Ke4 Kg1 59. Bf3 g5 60. Kf5 h1Q 61. Bxh1 Kxh1 62. Kg4 Kg2 63. Kxg5 f3 64. Kf4 f2 65. Ke3 f1Q 66. Kd4 Kf3 67. Kd5 Kf4 68. Kd4 Qd1+ 69. Kc5 Ke4 70. Kc6 Qd5+ 71. Kc7 Ke5 72. Kb6 Qc4 73. Kb7 Kd6 74. Ka8 Kc7 75. Ka7 Qb5 76. Ka8 Qb4 77. Ka7 Qb1 78. Ka6 Qb6# 0-1